[Event "24th Klatovy B 2016"]
[Site "Klatovy CZE"]
[Date "2016.07.07"]
[Round "6.37"]
[White "Kubat, Ladislav"]
[Black "Soukup, Jiri1"]
[Result "0-1"]
[WhiteElo "1435"]
[BlackElo "1591"]
[PlyCount "66"]
[EventDate "2016.07.02"]
[EventType "swiss"]
[EventRounds "9"]
[EventCountry "CZE"]

1. e4 e6 2. d4 d5 3. Nc3 Bb4 4. Bd3 c5 5. Bb5+ Bd7 6. Bxd7+ Qxd7 7. a3 Bxc3+ 8. bxc3 dxe4 9. Be3 cxd4 10. Qxd4 Nf6 11. Bg5 Qxd4 12. cxd4 Nbd7 13. Rb1 b6 14. Ne2 Rc8 15. c3 h6 16. Bxf6 Nxf6 17. Rb3 O-O 18. O-O Nd5 19. Rc1 Rc4 20. Ng3 f5 21. Ne2 Rfc8 22. Kf1 a5 23. Rb2 R4c7 24. Ke1 f4 25. Kd2 f3 26. gxf3 exf3 27. Ng1 Nxc3 28. Rbc2 Ne4+ 29. Kd3 Nxf2+ 30. Kd2 Ne4+ 31. Kd3 Rxc2 32. Rxc2 Rxc2 33. Kxc2 f2 0-1

[Event "24th Klatovy B 2016"]
[Site "Klatovy CZE"]
[Date "2016.07.07"]
[Round "6.38"]
[White "Kotal, Petr"]
[Black "Gorbunov, Alexander 1998"]
[Result "1-0"]
[WhiteElo "1558"]
[BlackElo "1353"]
[PlyCount "57"]
[EventDate "2016.07.02"]
[EventType "swiss"]
[EventRounds "9"]
[EventCountry "CZE"]

1. d4 d5 2. Bg5 Nf6 3. e3 Bg4 4. Nf3 c6 5. Nbd2 Nbd7 6. Be2 e6 7. O-O Be7 8. c4 dxc4 9. Nxc4 O-O 10. Rc1 Nd5 11. Bxe7 Qxe7 12. Qb3 N7b6 13. Nce5 Bh5 14. Rfe1 f6 15. Nd3 Kh8 16. e4 Nc7 17. Nf4 Bxf3 18. Bxf3 Rad8 19. Bg4 Rxd4 20. Qh3 Kg8 21. Bxe6+ Nxe6 22. Nxe6 Rd2 23. Nxf8 Qxf8 24. Qc3 Qd6 25. Qb3+ Kh8 26. Rcd1 Nc4 27. Rxd2 Nxd2 28. Qc2 Qf4 29. Rd1 1-0

[Event "24th Klatovy B 2016"]
[Site "Klatovy CZE"]
[Date "2016.07.07"]
[Round "6.39"]
[White "Severin, Alois"]
[Black "Kopal, Vladimir"]
[Result "0-1"]
[WhiteElo "1240"]
[BlackElo "1550"]
[PlyCount "68"]
[EventDate "2016.07.02"]
[EventType "swiss"]
[EventRounds "9"]
[EventCountry "CZE"]

1. e4 e5 2. Nf3 Nc6 3. c3 Nf6 4. Bb5 d6 5. h3 a6 6. Bc4 Nxe4 7. Qe2 Nf6 8. Ng5 d5 9. Bb3 h6 10. Nf3 Bd6 11. d4 e4 12. Ne5 Nxe5 13. dxe5 Bxe5 14. Nd2 O-O 15. O-O Bd7 16. Rd1 c6 17. Nf1 Bd6 18. Be3 Qc8 19. Rac1 Bxh3 20. f3 exf3 21. Qxf3 Bg4 22. Qf2 Bxd1 23. Rxd1 Ng4 24. Qd2 Nxe3 25. Nxe3 Bc5 26. Qf2 Re8 27. Re1 Qd7 28. c4 d4 29. Nf5 Rxe1+ 30. Qxe1 Qxf5 31. Bd1 d3+ 32. Kh1 Qf2 33. Qxf2 Bxf2 34. b3 Re8 0-1

[Event "24th Klatovy B 2016"]
[Site "Klatovy CZE"]
[Date "2016.07.07"]
[Round "6.40"]
[White "Svejdar, Pavel"]
[Black "Jedlicka, Pavel"]
[Result "1-0"]
[WhiteElo "1544"]
[BlackElo "1548"]
[PlyCount "117"]
[EventDate "2016.07.02"]
[EventType "swiss"]
[EventRounds "9"]
[EventCountry "CZE"]

1. e4 c6 2. Nf3 d6 3. d4 Bg4 4. Be2 Nd7 5. O-O Ngf6 6. Nc3 Bxf3 7. Bxf3 e5 8. Re1 Qc7 9. d5 Be7 10. Bg5 Ng8 11. Be3 a5 12. Ne2 Qd8 13. Ng3 Bg5 14. Bxg5 Qxg5 15. dxc6 bxc6 16. Qxd6 Qf6 17. Qc7 g6 18. Rad1 Qd8 19. Qxc6 Rc8 20. Qa4 Ngf6 21. c3 O-O 22. Qa3 Rc6 23. Be2 Qb6 24. Kf1 h5 25. h4 Nc5 26. f3 Ne6 27. Rd2 Nf4 28. Red1 Rfc8 29. Qe7 Nh7 30. Qxe5 Nxe2 31. Nxe2 Re6 32. Qd4 Qb8 33. g3 g5 34. hxg5 Nxg5 35. Qe3 Nh3 36. Nf4 Qb5+ 37. Kg2 Nxf4+ 38. Qxf4 Rg6 39. Rd8+ Rxd8 40. Rxd8+ Kg7 41. Qd2 h4 42. g4 Qe5 43. Qd4 h3+ 44. Kh1 Qxd4 45. Rxd4 Rb6 46. b3 Rc6 47. c4 Rf6 48. Rd3 Kg6 49. Kh2 Kg5 50. Rd5+ Kf4 51. Rf5+ Rxf5 52. exf5 Kxf3 53. c5 Kxg4 54. c6 Kxf5 55. c7 Kg5 56. Kxh3 Kf4 57. c8=Q f5 58. Qc4+ Kf3 59. Qd3+ 1-0

[Event "24th Klatovy B 2016"]
[Site "Klatovy CZE"]
[Date "2016.07.07"]
[Round "6.41"]
[White "Tomascik, Petr"]
[Black "Psaila, Uranchimeg"]
[Result "1-0"]
[WhiteElo "1484"]
[BlackElo "1546"]
[PlyCount "109"]
[EventDate "2016.07.02"]
[EventType "swiss"]
[EventRounds "9"]
[EventCountry "CZE"]

1. d4 e6 2. c4 c6 3. c5 d5 4. cxd6 Bxd6 5. Nc3 f5 6. Nf3 h6 7. e3 Nf6 8. a3 O-O 9. Bd3 Bd7 10. Qb3 Qb6 11. Qa2 Kh8 12. b3 Nd5 13. Bd2 Rf6 14. Qb2 Be8 15. e4 Nf4 16. Bxf4 Bxf4 17. exf5 exf5 18. Ne2 Bd6 19. O-O Bh5 20. Nh4 Bxe2 21. Bxe2 Qc7 22. Nf3 Nd7 23. Rae1 Raf8 24. Bd3 Nb6 25. g3 Nd5 26. Nh4 Ne7 27. Qe2 g5 28. Ng2 Ng6 29. Qh5 Qh7 30. Re2 Ne7 31. f4 Qg6 32. Qf3 Nd5 33. fxg5 hxg5 34. Qf2 Kg7 35. Ne3 Ne7 36. Nc4 Nd5 37. Nxd6 Rxd6 38. Bxf5 Rxf5 39. Qxf5 Qxf5 40. Rxf5 Kg6 41. Ree5 Kh6 42. Rxg5 Nf6 43. Rgf5 Kg6 44. Rf4 Nd5 45. Rg4+ Kf6 46. Rh5 Rd7 47. h4 Re7 48. Rh6+ Kf5 49. Rg5+ Ke4 50. Re5+ Rxe5 51. dxe5 Kxe5 52. Rh7 b5 53. Rxa7 Kd6 54. h5 Nf6 55. h6 1-0

[Event "24th Klatovy B 2016"]
[Site "Klatovy CZE"]
[Date "2016.07.07"]
[Round "6.42"]
[White "May, David"]
[Black "Stanke, Petr"]
[Result "1-0"]
[WhiteElo "1532"]
[BlackElo "1239"]
[PlyCount "35"]
[EventDate "2016.07.02"]
[EventType "swiss"]
[EventRounds "9"]
[EventCountry "CZE"]

1. d4 d5 2. Nf3 Nf6 3. c4 c6 4. Nc3 dxc4 5. a4 Qa5 6. Bd2 Qf5 7. e3 b5 8. g3 e6 9. axb5 cxb5 10. Nh4 Qg4 11. Qxg4 Nxg4 12. Bg2 b4 13. Nb5 Kd8 14. Bxa8 a6 15. Na7 Kc7 16. Nxc8 Kxc8 17. O-O Nf6 18. Rfc1 1-0

[Event "24th Klatovy B 2016"]
[Site "Klatovy CZE"]
[Date "2016.07.07"]
[Round "6.44"]
[White "Filip, Petr 1952"]
[Black "Kresl, Filip"]
[Result "0-1"]
[WhiteElo "1353"]
[BlackElo "1365"]
[PlyCount "131"]
[EventDate "2016.07.02"]
[EventType "swiss"]
[EventRounds "9"]
[EventCountry "CZE"]

1. d4 d5 2. Nf3 e6 3. a3 c5 4. e3 Nc6 5. Bb5 Bd7 6. Bxc6 Bxc6 7. Ne5 Qc7 8. O-O Bd6 9. Nf3 Nf6 10. g3 h6 11. Nbd2 O-O 12. Nb3 b6 13. a4 Bb7 14. Bd2 Ne4 15. Be1 Ba6 16. dxc5 Be7 17. Bb4 Bxf1 18. Qxf1 Nxc5 19. Nbd4 a6 20. b3 e5 21. Ne2 Ne4 22. Bxe7 Qxe7 23. c3 Rfc8 24. Rc1 f6 25. Kg2 Qa3 26. Qd1 Rd8 27. Ra1 Qd6 28. Nh4 Rac8 29. Qd3 Qc6 30. Rc1 b5 31. Nf5 Kf7 32. f3 Ng5 33. Qd1 d4 34. e4 Nxe4 35. cxd4 Qb7 36. Rxc8 Rxc8 37. Ne3 Ng5 38. d5 Ke7 39. h4 Nf7 40. Nf5+ Kf8 41. Qd3 Rd8 42. Nc3 b4 43. Ne2 Rxd5 44. Qe4 Rd7 45. Qg4 Nd6 46. Ne3 Qc8 47. Qxb4 Qb7 48. Qg4 Qc7 49. Nd5 Qb7 50. b4 Nf7 51. Nec3 Rxd5 52. Nxd5 Qxd5 53. Qc8+ Nd8 54. Qxa6 Qd2+ 55. Kh3 Qxb4 56. a5 Qb3 57. Kg4 Qe6+ 58. Qxe6 Nxe6 59. Kf5 Kf7 60. f4 exf4 61. gxf4 Nc7 62. h5 Na6 63. Ke4 g6 64. hxg6+ Kxg6 65. Kf3 Kf5 66. Kg3 0-1

[Event "24th Klatovy B 2016"]
[Site "Klatovy CZE"]
[Date "2016.07.07"]
[Round "6.45"]
[White "Peterek, Zbynek"]
[Black "Celovsky, Jan"]
[Result "0-1"]
[WhiteElo "1314"]
[BlackElo "1281"]
[PlyCount "98"]
[EventDate "2016.07.02"]
[EventType "swiss"]
[EventRounds "9"]
[EventCountry "CZE"]

1. e4 e5 2. Nf3 Nc6 3. Bc4 Nf6 4. d3 Bc5 5. c3 d6 6. b4 Bb6 7. a4 a5 8. b5 Ne7 9. Qb3 O-O 10. O-O c6 11. Ng5 d5 12. exd5 cxd5 13. Rd1 dxc4 14. dxc4 Qc7 15. Rd3 Qc5 16. Be3 Qc7 17. Bc1 e4 18. Rd1 Ng4 19. Ra2 Qxh2+ 20. Kf1 Qh1+ 21. Ke2 Qxg2 22. Nxe4 Qxe4+ 23. Kf1 Qf5 24. Rdd2 Ng6 25. Re2 Qd3 26. Ke1 h5 27. Rad2 Qh3 28. Kd1 Bf5 29. Ba3 Qh1+ 30. Re1 Qf3+ 31. Kc1 Rad8 32. c5 Rxd2 33. Nxd2 Qxf2 34. Rf1 Be6 35. Qb1 Qe3 36. Qb2 Bxc5 37. Bxc5 Qxc5 38. Kb1 Rc8 39. Ne4 Qc4 40. Ng3 Qxc3 41. Nxh5 Qd3+ 42. Ka1 Qxf1+ 43. Qb1 Qxb1+ 44. Kxb1 f5 45. b6 f4 46. Kb2 f3 47. Ka3 f2 48. Ng3 Rc3+ 49. Kb2 Rxg3 0-1

[Event "24th Klatovy B 2016"]
[Site "Klatovy CZE"]
[Date "2016.07.07"]
[Round "6.46"]
[White "Kotal, Vit"]
[Black "Zimmermann, Ladislav"]
[Result "1-0"]
[WhiteElo "1292"]
[BlackElo "1147"]
[PlyCount "101"]
[EventDate "2016.07.02"]
[EventType "swiss"]
[EventRounds "9"]
[EventCountry "CZE"]

1. e4 e5 2. Nf3 Nc6 3. Bc4 Nf6 4. Ng5 d5 5. exd5 Nxd5 6. d3 f6 7. Ne4 Na5 8. Bxd5 Qxd5 9. Qh5+ Qf7 10. Qxf7+ Kxf7 11. O-O Be7 12. f4 Nc6 13. fxe5 Nxe5 14. Bf4 Bd6 15. d4 Nd7 16. Nxd6+ cxd6 17. Bxd6 Re8 18. Nc3 Re6 19. Nb5 a6 20. Nc7 Rxd6 21. Nxa8 Rxd4 22. Nc7 Nb6 23. Rfd1 Rc4 24. Nd5 Nxd5 25. Rxd5 Rxc2 26. b3 Be6 27. Rd4 g5 28. Rb4 Bd5 29. a4 Rxg2+ 30. Kf1 Rxh2 31. Ra3 Rh1+ 32. Ke2 h5 33. Rd4 Bc6 34. b4 h4 35. Rdd3 h3 36. Rxh3 Rg1 37. a5 Kg6 38. Kf2 Rg2+ 39. Ke1 Rb2 40. Rab3 Rg2 41. Rbd3 g4 42. Rd4 f5 43. Re3 Kg5 44. Re5 Be4 45. Rdxe4 Rb2 46. Rc4 g3 47. Re2 Rb3 48. Kf1 f4 49. Rec2 f3 50. Rc5+ Kg4 51. R2c4+ 1-0

[Event "24th Klatovy B 2016"]
[Site "Klatovy CZE"]
[Date "2016.07.07"]
[Round "6.47"]
[White "Janous, Marek"]
[Black "Kadlec, Rudolf"]
[Result "0-1"]
[WhiteElo "1200"]
[BlackElo "1397"]
[PlyCount "102"]
[EventDate "2016.07.02"]
[EventType "swiss"]
[EventRounds "9"]
[EventCountry "CZE"]

1. e4 d5 2. exd5 Nf6 3. d4 Nxd5 4. c4 Nb4 5. a3 N4c6 6. Be3 e6 7. Nc3 a6 8. Nf3 Be7 9. Be2 O-O 10. O-O b6 11. Qd2 Nd7 12. Rfd1 Bb7 13. h3 h6 14. Bd3 Nf6 15. Bc2 Na5 16. Qd3 Bxf3 17. gxf3 Nb7 18. Bf4 Bd6 19. Be5 Bxe5 20. dxe5 Qxd3 21. Rxd3 Nh7 22. Rd7 Rac8 23. Bxh7+ Kxh7 24. Re7 Kg8 25. Rd1 Rfe8 26. Rdd7 Rxe7 27. Rxe7 Nc5 28. b4 Kf8 29. Na4 Kxe7 30. bxc5 b5 31. cxb5 axb5 32. Nc3 c6 33. Kg2 Rd8 34. a4 Rd3 35. Na2 bxa4 36. Nb4 Rc3 37. Nxc6+ Kd7 38. Nb4 Rxc5 39. f4 Rc4 40. Na2 Rxf4 41. Kg3 Rc4 42. Kf3 a3 43. Kg3 Rc2 44. Nb4 Rb2 45. Na6 a2 46. Nc5+ Kc6 47. Nd3 Rb3 48. Kf4 Rxd3 49. h4 a1=Q 50. Kg4 Qxe5 51. f4 Qe2# 0-1

[Event "24th Klatovy B 2016"]
[Site "Klatovy CZE"]
[Date "2016.07.07"]
[Round "6.48"]
[White "Skalicky, Jindrich"]
[Black "Vanek, Jiri1"]
[Result "0-1"]
[WhiteElo "1311"]
[BlackElo "1350"]
[PlyCount "46"]
[EventDate "2016.07.02"]
[EventType "swiss"]
[EventRounds "9"]
[EventCountry "CZE"]

1. e4 e5 2. f4 d5 3. exd5 e4 4. d3 Nf6 5. dxe4 Nxe4 6. Qe2 Qxd5 7. c3 Bc5 8. Be3 Bxe3 9. Qxe3 O-O 10. Qd4 Qxd4 11. cxd4 Re8 12. Ne2 Bg4 13. Nbc3 Nc6 14. Nb5 Nb4 15. Kd1 Nf2+ 16. Kd2 Nxh1 17. Nxc7 Nf2 18. Nxa8 Rxa8 19. Rc1 Nd5 20. Rc5 Ne4+ 21. Kd3 Nxc5+ 22. dxc5 Bxe2+ 23. Kxe2 Nxf4+ 0-1

[Event "24th Klatovy B 2016"]
[Site "Klatovy CZE"]
[Date "2016.07.07"]
[Round "6.49"]
[White "Stanke, Vilem"]
[Black "Barta, Daniel"]
[Result "0-1"]
[WhiteElo "1200"]
[BlackElo "1115"]
[PlyCount "121"]
[EventDate "2016.07.02"]
[EventType "swiss"]
[EventRounds "9"]
[EventCountry "CZE"]

1. e4 e5 2. Nf3 Nc6 3. d4 exd4 4. Bc4 h6 5. Nxd4 Bc5 6. Nxc6 bxc6 7. O-O Ne7 8. Nc3 O-O 9. a3 a5 10. Qe2 d5 11. exd5 cxd5 12. Nxd5 Nxd5 13. Rd1 Be6 14. Bd2 Re8 15. Qf3 Qd7 16. h3 Nb6 17. Bxa5 Qc8 18. Bxe6 Qxe6 19. Re1 Qd5 20. Qxd5 Nxd5 21. c4 Rxe1+ 22. Rxe1 Rxa5 23. cxd5 Bd4 24. Re7 Rxd5 25. Rxc7 Bxb2 26. Rc8+ Kh7 27. Rc7 Be5 28. Rc1 Bb2 29. Rc7 Bxa3 30. Rxf7 Kg6 31. Rf3 Bd6 32. g3 Kg5 33. Kg2 Kg6 34. h4 h5 35. Kh3 Bc5 36. g4 hxg4+ 37. Kxg4 Rd4+ 38. Kh3 Be7 39. Rg3+ Kh6 40. h5 Rh4+ 41. Kg2 Rxh5 42. f3 Bd6 43. Rg4 Rh2+ 44. Kf1 Bc5 45. Rg3 g5 46. Rg4 Rf2+ 47. Ke1 Rxf3 48. Ke2 Rf8 49. Kd3 Kh5 50. Rc4 Rf5 51. Ke2 g4 52. Rc1 Rf2+ 53. Kd3 Bd6 54. Rh1+ Rh2 55. Rg1 g3 56. Ke4 Kg4 57. Rd1 Bc5 58. Rd8 Re2+ 59. Kd3 Re1 60. Rg8+ Kh3 61. Rxg3+ 0-1

[Event "24th Klatovy B 2016"]
[Site "Klatovy CZE"]
[Date "2016.07.07"]
[Round "6.50"]
[White "Palla, Marek"]
[Black "Krejbich, Lukas"]
[Result "1-0"]
[WhiteElo "1191"]
[BlackElo "1063"]
[PlyCount "61"]
[EventDate "2016.07.02"]
[EventType "swiss"]
[EventRounds "9"]
[EventCountry "CZE"]

1. e4 e6 2. d4 d6 3. Nc3 Be7 4. d5 e5 5. f4 Nd7 6. fxe5 Nxe5 7. Nf3 Bg4 8. Be2 Nf6 9. Bg5 O-O 10. Bxf6 Bxf6 11. Nxe5 Bxe5 12. Bxg4 Qf6 13. Qf3 Qg5 14. Qh3 g6 15. O-O f5 16. exf5 gxf5 17. Bxf5 Rxf5 18. Rxf5 Qg6 19. Qh5 Qxh5 20. Rxh5 Bd4+ 21. Kh1 Rf8 22. Rh4 Be3 23. Rg4+ Kh8 24. Rg3 Bh6 25. Rf3 Re8 26. h3 c5 27. Nb5 Re2 28. Nxd6 Kg8 29. Rg3+ Kf8 30. Rf1+ Ke7 31. Nf5+ 1-0

[Event "24th Klatovy B 2016"]
[Site "Klatovy CZE"]
[Date "2016.07.07"]
[Round "6.51"]
[White "Schille, Steffen"]
[Black "Velkoborsky, Jan"]
[Result "1-0"]
[WhiteElo "1566"]
[BlackElo "1100"]
[PlyCount "77"]
[EventDate "2016.07.02"]
[EventType "swiss"]
[EventRounds "9"]
[EventCountry "CZE"]

1. d4 e6 2. c4 Nf6 3. Nf3 Bb4+ 4. Bd2 Bxd2+ 5. Nbxd2 Nc6 6. e4 d5 7. Bd3 O-O 8. e5 Ng4 9. h3 Nh6 10. Rc1 Bd7 11. a3 Qe8 12. Rc3 Na5 13. Bb1 Ba4 14. b3 Bc6 15. Qc2 Nf5 16. c5 Rd8 17. g4 Bd7 18. Rg1 a6 19. Nh4 Qe7 20. Ndf3 b6 21. gxf5 exf5 22. Rxg7+ Kxg7 23. Nxf5+ Bxf5 24. Qxf5 Rh8 25. Qg4+ Kf8 26. Ng5 h6 27. Nxf7 Qxf7 28. Rf3 Rg8 29. Rxf7+ Kxf7 30. Qf5+ Ke8 31. Qe6+ Kf8 32. Qf6+ Ke8 33. Bg6+ Kd7 34. Bf5+ Ke8 35. Qe6+ Kf8 36. Qf6+ Ke8 37. e6 Rf8 38. Bg6+ Rf7 39. Qxf7# 1-0

[Event "24th Klatovy B 2016"]
[Site "Klatovy CZE"]
[Date "2016.07.07"]
[Round "6.53"]
[White "Skopkova, Marcela"]
[Black "Psaila, Ocean"]
[Result "1-0"]
[WhiteElo "1166"]
[BlackElo "1046"]
[PlyCount "89"]
[EventDate "2016.07.02"]
[EventType "swiss"]
[EventRounds "9"]
[EventCountry "CZE"]

1. d4 d5 2. e3 Nf6 3. Nf3 g6 4. c3 Bg7 5. Be2 O-O 6. O-O Nbd7 7. a3 c5 8. b4 b6 9. h3 Re8 10. Nh2 e5 11. Bb2 Bb7 12. Ng4 Nxg4 13. Bxg4 f5 14. Be2 Rc8 15. Nd2 cxd4 16. cxd4 exd4 17. Bxd4 Bxd4 18. exd4 Rc6 19. Bf3 Qb8 20. Bxd5+ Kg7 21. Bxc6 Bxc6 22. Rc1 Re7 23. Rxc6 Qb7 24. Rc3 Nf6 25. Re1 Rxe1+ 26. Qxe1 Nd5 27. Rc2 Nf4 28. Qe5+ Kf7 29. Rc7+ Qxc7 30. Qxc7+ Kg8 31. Qxf4 Kf7 32. Qc7+ Kg8 33. Qxa7 Kf8 34. d5 Ke8 35. Qxb6 Kd7 36. Qc6+ Kd8 37. d6 f4 38. Qc7+ Ke8 39. d7+ Ke7 40. d8=Q+ Ke6 41. Qe8+ Kf6 42. Qcf7+ Kg5 43. Ne4+ Kh6 44. Qef8+ Kh5 45. Qxh7# 1-0

[Event "24th Klatovy B 2016"]
[Site "Klatovy CZE"]
[Date "2016.07.08"]
[Round "7.1"]
[White "Kotva, Milan"]
[Black "Gorbunov, Artemiy"]
[Result "1/2-1/2"]
[WhiteElo "1998"]
[BlackElo "1671"]
[PlyCount "38"]
[EventDate "2016.07.02"]
[EventType "swiss"]
[EventRounds "9"]
[EventCountry "CZE"]

1. e4 d6 2. d4 Nf6 3. Nc3 Nbd7 4. f4 e5 5. Nf3 exd4 6. Nxd4 Be7 7. Be2 O-O 8. O-O Nb6 9. a4 a5 10. Be3 Re8 11. h3 Bf8 12. Bd3 c5 13. Nf3 c4 14. Be2 Nxe4 15. Qd4 Nxc3 16. bxc3 Qe7 17. Qxb6 Qxe3+ 18. Qxe3 Rxe3 19. Bxc4 Rxc3 1/2-1/2

[Event "24th Klatovy B 2016"]
[Site "Klatovy CZE"]
[Date "2016.07.08"]
[Round "7.2"]
[White "Kastner, Jan"]
[Black "Perik, Alois"]
[Result "1-0"]
[WhiteElo "1875"]
[BlackElo "1807"]
[PlyCount "57"]
[EventDate "2016.07.02"]
[EventType "swiss"]
[EventRounds "9"]
[EventCountry "CZE"]

1. d4 d5 2. Nf3 Nf6 3. Bf4 e6 4. e3 Nbd7 5. Nbd2 Be7 6. Bd3 b6 7. c3 Bb7 8. Qc2 O-O 9. g4 g6 10. h4 c5 11. Bh6 c4 12. Bxf8 Qxf8 13. Be2 Nxg4 14. Ng5 Ngf6 15. O-O-O b5 16. h5 h6 17. Nh3 g5 18. f4 Ne4 19. Rhg1 f6 20. Bf3 Nxd2 21. Rxd2 Qg7 22. e4 Nf8 23. exd5 exd5 24. Re2 Rd8 25. Rge1 Bd6 26. fxg5 hxg5 27. Bg4 Bc8 28. Bxc8 Rxc8 29. Qf5 1-0

[Event "24th Klatovy B 2016"]
[Site "Klatovy CZE"]
[Date "2016.07.08"]
[Round "7.3"]
[White "Cizek, Ondrej"]
[Black "Kovar, Petr2"]
[Result "1/2-1/2"]
[WhiteElo "1826"]
[BlackElo "1980"]
[PlyCount "24"]
[EventDate "2016.07.02"]
[EventType "swiss"]
[EventRounds "9"]
[EventCountry "CZE"]

1. e4 d6 2. d4 Nf6 3. Nc3 g6 4. Bg5 Bg7 5. Qd2 h6 6. Bh4 g5 7. Bg3 Nh5 8. Bc4 c6 9. Nge2 e6 10. O-O-O b5 11. Bd3 a5 12. f4 Nxg3 1/2-1/2

[Event "24th Klatovy B 2016"]
[Site "Klatovy CZE"]
[Date "2016.07.08"]
[Round "7.4"]
[White "Zednik, Zdenek"]
[Black "Jirasek, Jiri"]
[Result "1/2-1/2"]
[WhiteElo "1966"]
[BlackElo "1881"]
[PlyCount "43"]
[EventDate "2016.07.02"]
[EventType "swiss"]
[EventRounds "9"]
[EventCountry "CZE"]

1. Nf3 d5 2. d4 Nf6 3. c4 e6 4. Nc3 Nbd7 5. cxd5 exd5 6. Bg5 Be7 7. e3 O-O 8. Bd3 c6 9. O-O Ne4 10. Bf4 Nxc3 11. bxc3 Re8 12. c4 dxc4 13. Bxc4 Nf8 14. d5 cxd5 15. Bxd5 Ne6 16. Bg3 Bf6 17. Rb1 Qe7 18. Qb3 Nc5 19. Qc4 Be6 20. Bxe6 Nxe6 21. Rfc1 h6 22. h3 1/2-1/2

[Event "24th Klatovy B 2016"]
[Site "Klatovy CZE"]
[Date "2016.07.08"]
[Round "7.5"]
[White "Mejzr, Jan"]
[Black "Svec, Vitezslav"]
[Result "1-0"]
[WhiteElo "1853"]
[BlackElo "1687"]
[PlyCount "53"]
[EventDate "2016.07.02"]
[EventType "swiss"]
[EventRounds "9"]
[EventCountry "CZE"]

1. e4 c6 2. d4 d5 3. Nd2 dxe4 4. Nxe4 Bf5 5. Ng3 Bg6 6. h4 h6 7. Nf3 Nd7 8. h5 Bh7 9. Bd3 Bxd3 10. Qxd3 Ngf6 11. Bd2 e6 12. O-O-O Qc7 13. c4 O-O-O 14. Kb1 c5 15. Qe2 cxd4 16. Nxd4 Bc5 17. Nb5 Qb6 18. Bf4 e5 19. Be3 Bxe3 20. fxe3 e4 21. Nd6+ Kb8 22. Nxf7 Nc5 23. Rxd8+ Rxd8 24. Nxd8 Qxd8 25. Rd1 Nd3 26. Nxe4 Nxe4 27. Qxd3 1-0

[Event "24th Klatovy B 2016"]
[Site "Klatovy CZE"]
[Date "2016.07.08"]
[Round "7.6"]
[White "Macho, Miloslav"]
[Black "Micka, Norbert"]
[Result "1/2-1/2"]
[WhiteElo "1675"]
[BlackElo "1848"]
[PlyCount "51"]
[EventDate "2016.07.02"]
[EventType "swiss"]
[EventRounds "9"]
[EventCountry "CZE"]

1. e4 e6 2. d4 d5 3. Nd2 Nf6 4. e5 Nfd7 5. f4 c5 6. c3 Nc6 7. Ngf3 cxd4 8. cxd4 Qb6 9. Nb3 a5 10. a4 Bb4+ 11. Kf2 f6 12. Be3 O-O 13. Bd3 Qd8 14. Kg1 Be7 15. Qb1 f5 16. h4 Nb4 17. Be2 Nb6 18. Nc5 Nc4 19. Bf2 b6 20. Nd3 Nxd3 21. Bxd3 Bb4 22. b3 Nd2 23. Nxd2 Bxd2 24. g3 Bb4 25. Kg2 Bd7 26. Rc1 1/2-1/2

[Event "24th Klatovy B 2016"]
[Site "Klatovy CZE"]
[Date "2016.07.08"]
[Round "7.7"]
[White "Leseticky, Vladimir"]
[Black "Cyron, Karel"]
[Result "1/2-1/2"]
[WhiteElo "1665"]
[BlackElo "1802"]
[PlyCount "32"]
[EventDate "2016.07.02"]
[EventType "swiss"]
[EventRounds "9"]
[EventCountry "CZE"]

1. e4 Nf6 2. e5 Nd5 3. d4 d6 4. c4 Nb6 5. exd6 cxd6 6. Nf3 Bg4 7. h3 Bh5 8. d5 N6d7 9. b3 Bxf3 10. Qxf3 Ne5 11. Qd1 e6 12. Bb2 Nbd7 13. Nc3 Nf6 14. dxe6 fxe6 15. Be2 Be7 16. O-O O-O 1/2-1/2

[Event "24th Klatovy B 2016"]
[Site "Klatovy CZE"]
[Date "2016.07.08"]
[Round "7.8"]
[White "Rezac, Jindrich"]
[Black "Kubat, Zbynek"]
[Result "1/2-1/2"]
[WhiteElo "1799"]
[BlackElo "1629"]
[PlyCount "38"]
[EventDate "2016.07.02"]
[EventType "swiss"]
[EventRounds "9"]
[EventCountry "CZE"]

1. d4 e6 2. c4 Nf6 3. Nc3 d5 4. Nf3 b6 5. cxd5 Nxd5 6. e4 Nxc3 7. bxc3 Bb7 8. Bb5+ Bc6 9. Bxc6+ Nxc6 10. O-O Bd6 11. Qa4 Qd7 12. d5 Ne5 13. Qxd7+ Nxd7 14. dxe6 fxe6 15. Nd4 O-O 16. Nb5 Nc5 17. Nxd6 cxd6 18. f3 Na4 19. Ba3 Rfd8 1/2-1/2

[Event "24th Klatovy B 2016"]
[Site "Klatovy CZE"]
[Date "2016.07.08"]
[Round "7.9"]
[White "Ruzicka, Vaclav1"]
[Black "Sprenar, Petr"]
[Result "0-1"]
[WhiteElo "1649"]
[BlackElo "1798"]
[PlyCount "84"]
[EventDate "2016.07.02"]
[EventType "swiss"]
[EventRounds "9"]
[EventCountry "CZE"]

1. d4 Nf6 2. c4 e6 3. Nf3 b6 4. g3 Bb7 5. Bg2 Bb4+ 6. Bd2 Qe7 7. O-O O-O 8. a3 Bxd2 9. Nbxd2 d6 10. Qc2 c5 11. e3 Nbd7 12. b4 Rfc8 13. bxc5 bxc5 14. Ng5 Bxg2 15. Kxg2 h6 16. Ngf3 d5 17. Qa2 cxd4 18. Nxd4 dxc4 19. Nxc4 Rc5 20. Ne2 Ng4 21. h3 Nge5 22. Nxe5 Nxe5 23. Rab1 Rac8 24. Nd4 Qc7 25. Rb2 Nc4 26. Re2 e5 27. Nb3 Qb7+ 28. e4 Rb5 29. Nc1 Nd6 30. f3 Rc3 31. Rd2 Nc4 32. Re2 Ne3+ 33. Rxe3 Rxe3 34. Qc4 Rb2+ 35. Rf2 Rxf2+ 36. Kxf2 Rxa3 37. Nd3 Qd7 38. Ke2 Qxh3 39. Nf2 Qe6 40. Qxe6 fxe6 41. Nd3 Rxd3 42. Kxd3 h5 0-1

[Event "24th Klatovy B 2016"]
[Site "Klatovy CZE"]
[Date "2016.07.08"]
[Round "7.10"]
[White "Parpel, Petr"]
[Black "Ostry, Michal"]
[Result "0-1"]
[WhiteElo "1787"]
[BlackElo "1644"]
[PlyCount "52"]
[EventDate "2016.07.02"]
[EventType "swiss"]
[EventRounds "9"]
[EventCountry "CZE"]

1. d4 d5 2. c4 dxc4 3. Nc3 Nf6 4. e3 e6 5. Bxc4 a6 6. Nf3 b5 7. Bd3 c5 8. dxc5 Bxc5 9. O-O Nc6 10. a3 Bb7 11. b4 Bd6 12. Bb2 Ne5 13. Be2 O-O 14. Rc1 Rc8 15. Nxe5 Bxe5 16. f4 Bb8 17. Bf3 Bxf3 18. Qxf3 Ba7 19. Kh1 Qd2 20. Rf2 Qxe3 21. Rcf1 Rfd8 22. g3 Qxf3+ 23. Rxf3 Rd2 24. Nxb5 axb5 25. Bxf6 gxf6 26. f5 Rcc2 0-1

[Event "24th Klatovy B 2016"]
[Site "Klatovy CZE"]
[Date "2016.07.08"]
[Round "7.11"]
[White "Berka, Lubos"]
[Black "Rychtecky, Pavel"]
[Result "1-0"]
[WhiteElo "1787"]
[BlackElo "1546"]
[PlyCount "105"]
[EventDate "2016.07.02"]
[EventType "swiss"]
[EventRounds "9"]
[EventCountry "CZE"]

1. e4 c5 2. Nc3 Nc6 3. g3 g6 4. Bg2 Bg7 5. d3 d6 6. Nge2 Nf6 7. O-O O-O 8. h3 Bd7 9. Kh2 Rb8 10. Rb1 b5 11. b3 b4 12. Na4 Qc7 13. f4 e6 14. g4 Nd4 15. Nb2 Bc6 16. Be3 Nb5 17. Nc4 Nd7 18. d4 Bxe4 19. Bxe4 d5 20. Bxd5 exd5 21. Ne5 Nxe5 22. dxe5 d4 23. Bf2 Rbd8 24. Qd3 Qc6 25. g5 a6 26. h4 Nc7 27. Kg3 Qd5 28. Kh2 Rfe8 29. Ng3 Ne6 30. Bg1 Bh8 31. Ne4 Qc6 32. Nf6+ Bxf6 33. gxf6 Nf8 34. Rbe1 Qd5 35. Re2 Nd7 36. h5 Qe6 37. Rg2 Nxf6 38. exf6 Qxf6 39. Qg3 Rd5 40. Qh3 Rf5 41. hxg6 fxg6 42. Kg3 Re4 43. Rgf2 Rh5 44. Qg4 Rf5 45. Re2 Rxe2 46. Qxe2 Kf7 47. Qe4 g5 48. Bh2 h5 49. Kg2 g4 50. Re1 h4 51. Qe8+ Kg7 52. Re7+ Kh6 53. Re6 1-0

[Event "24th Klatovy B 2016"]
[Site "Klatovy CZE"]
[Date "2016.07.08"]
[Round "7.12"]
[White "Kasik, Miroslav"]
[Black "Vartazaryan, Gor"]
[Result "1/2-1/2"]
[WhiteElo "1768"]
[BlackElo "1620"]
[PlyCount "31"]
[EventDate "2016.07.02"]
[EventType "swiss"]
[EventRounds "9"]
[EventCountry "CZE"]

1. e4 e5 2. Nf3 Nc6 3. Bb5 a6 4. Ba4 Nf6 5. d4 exd4 6. O-O Be7 7. e5 Ne4 8. Nxd4 O-O 9. Re1 Nc5 10. Nc3 Nxa4 11. Nxa4 Nxd4 12. Qxd4 d6 13. Bf4 dxe5 14. Qxe5 Bd6 15. Qe3 Bf5 16. c4 1/2-1/2